000 00522nam a2200217Ia 4500
005 20250425162118.0
008 250425s9999 xx 000 0 und d
041 _aspa
082 _a621.38887
100 _aSCHURE, ALEXANDER
245 0 _aTELEVISION BASICA: CIRCUITOS DEL RECEPTOR
250 _a1A ED.
260 _aBARCELONA
260 _aEspaña
_bMARCOMBO
_c1967
300 _a121
650 _aOSCILADORES
650 _aTELEVISION
700 _aLUIS IBAÑEZ
_etraductor
942 _c01
010 _a50813
999 _c222568
_d222568